Πρώτος μεταξύ ίσων first among equals : καθοδήγηση της ομάδας : leading a team

Επικεντρώνεται στον "εφοδιασμό" των μάνατζερ με τις απαραίτητες ηγετικές ικανότητες. Αποδεικνύεται πώς η συμπεριφορά των μάνατζερ μπορεί να συμβάλει άμεσα στην επιτυχία των στόχων της ομάδας των εργαζομένων μέσω της προσωπικής ενδυνάμωσης τους....

Πλήρης περιγραφή

Αποθηκεύτηκε σε:
Λεπτομέρειες βιβλιογραφικής εγγραφής
Συλλογικό Έργο: Video Arts Limited, Jacaranda Productions Limited
Άλλοι συγγραφείς: Eyre, Katy 630, Colquhoun, Gus 630, Roffe, Mandy 630
Μορφή: Βίντεο VHS
Γλώσσα:Greek
Δημοσίευση: Αθήνα : Etobicoke : Panoptron, International Tele-Film, c2001.
Θέματα:
Ετικέτες: Προσθήκη ετικέτας
Δεν υπάρχουν, Καταχωρήστε ετικέτα πρώτοι!

MARC

LEADER 00000cgm a2200000 i 4500
001 1/46831
007 vf cbah||
008 070625s2001####gr ||| | || ||gre||
035 |l 10088480 
040 |a GR-MY-UA  |b gre  |e aacr 
041 1 |a gre  |k eng 
082 0 |a 658.4092   |2 (22)  
245 1 0 |a Πρώτος μεταξύ ίσων   |h [μαγνητοσκόπηση] =   |b first among equals : καθοδήγηση της ομάδας : leading a team /   |c executive producers, Katy Eyre & Gus Colquhoun; Producer Mandy Roffe; written & directed by Richard Boden; produced by Video Arts Limited & Jacaranda Productions Limited.  
246 1 |i Παράλληλος τίτλος:   |a First among equals :   |b leading a team  
260 |a Αθήνα :   |a Etobicoke :   |b Panoptron,   |b International Tele-Film,   |c c2001.  
300 |a 1 βιντεοκασέτα (025 λεπτ.) :   |b ομιλ., έγχρ. ;   |c 1/2 ίν. +   |e 1 οδηγός + 1 cdrom.  
500 |a Μια βιντεοταινία για να ενισχύσετε τα μηνύματα του εκαπιδευτικού σας προγράμματος, ένα σύστημα προγραμματισμού που θα επιτρέψει στα στελέχη σας να εφαρμόσουν στην πράξη τις αρχές της αποτελεσματικής διαχείρισης του χρόνου και ένα ολοκληρωμένο ενδοεπιχειρησιακό σεμινάριο γαι την επιμόρφωση του προσωπικού σας.  
508 |a Photography, Henry Marcuzzi; music, Robert Hartshorne; editor, Robin Mcdonell.  
520 |a Επικεντρώνεται στον "εφοδιασμό" των μάνατζερ με τις απαραίτητες ηγετικές ικανότητες. Αποδεικνύεται πώς η συμπεριφορά των μάνατζερ μπορεί να συμβάλει άμεσα στην επιτυχία των στόχων της ομάδας των εργαζομένων μέσω της προσωπικής ενδυνάμωσης τους.  
538 |a VHS format 
650 0 0 |a Leadership. 
650 0 0 |a Teams in the workplace  |x Management. 
650 0 0 |a Project management. 
650 0 0 |a Management. 
650 0 0 |a Documentary films. 
700 1 |a Eyre, Katy  |q 630. 
700 1 |a Colquhoun, Gus  |q 630. 
700 1 |a Roffe, Mandy  |q 630. 
710 2 |a Video Arts Limited. 
710 2 |a Jacaranda Productions Limited. 
852 |a INST  |b CHIOS  |e 20070625  |h 658.4092 ΠΡΩ  |p 005200023367  |q 005200023367  |t BK  |y 0 
852 |a INST  |b CHIOS  |e 20070625  |h 658.4092 ΠΡΩ   |p 005200023366  |q 005200023366  |t BK  |y 0 
852 |a INST  |b CHIOS  |c AV  |e 20070625  |h 658.4092 ΠΡΩ  |p 005200023368  |q 005200023368  |t VC  |y 23 
901 |a BIBL2-2007-1 
909 |a Χ  |b 133977 
909 |a Χ  |b 133978 
909 |a Χ  |b 131092 
922 |a 2ΕΛΗ  |b 200704  |c ΕΠΕΑΕΚ2/ΤΔΕ  |d Εκδόσεις "Έμβρυο" 
970 |a Χαζίρη  |b Άννα  |z 2007/06/25